Amerika
Elmentve itt :
| Szerző: | |
|---|---|
| Dokumentumtípus: | Cikk |
| Megjelent: |
1883
|
| Sorozat: | Kolligátum
|
| Kulcsszavak: | Földrajz - középiskola - tankönyv |
| Online Access: | http://misc.bibl.u-szeged.hu/24040 |
| LEADER | 00528nab a2200169 i 4500 | ||
|---|---|---|---|
| 001 | misc24040 | ||
| 005 | 20191111110656.0 | ||
| 008 | 170825s1883 hu o 0|| zxx d | ||
| 040 | |a SZTE Miscellanea Repozitórium |b hun | ||
| 041 | |a zxx | ||
| 100 | 1 | |a Jablonszky János | |
| 245 | 1 | 0 | |a Amerika |h [elektronikus dokumentum] / |c Jablonszky János |
| 260 | |c 1883 | ||
| 300 | |a 4-43 | ||
| 490 | 0 | |a Kolligátum | |
| 695 | |a Földrajz - középiskola - tankönyv | ||
| 856 | 4 | 0 | |u http://misc.bibl.u-szeged.hu/24040/1/010_022_004-043.pdf |z Dokumentum-elérés |